| 000 | 00595nam a2200145Ia 4500 | ||
|---|---|---|---|
| 008 | 140724s9999 xx 000 0 und d | ||
| 050 |
_aHF 5415 _b.T588 2010 |
||
| 100 | _aTing, Patrick M. | ||
| 245 |
_aStudent evaluating of instructor's teaching performance in the College of Business Administration of Southville International School and Colleges : _ba critique / _cPatrick M. Ting. |
||
| 260 |
_aLas PiƱas, Philippines : _bSouthville International School and Colleges, _cc2010. |
||
| 300 |
_a47 p. : _bill. ; _c28 cm. |
||
| 521 | _aHuman Resource Management | ||
| 942 | _cTH | ||
| 999 |
_c228707 _d228707 |
||